Gamma ray astrophysics (Record no. 7372)

MARC details
000 -LEADER
fixed length control field 00731nam a2200217Ia 4500
003 - CONTROL NUMBER IDENTIFIER
control field IN-BaIIA
008 - FIXED-LENGTH DATA ELEMENTS--GENERAL INFORMATION
fixed length control field 211028s9999 xx 000 0 eng d
040 ## - CATALOGING SOURCE
Transcribing agency IIA Library
080 ## - UNIVERSAL DECIMAL CLASSIFICATION NUMBER
Universal Decimal Classification number 52-732
Item number FIC
100 ## - MAIN ENTRY--PERSONAL NAME
Personal name Fichtel, Carl E.
9 (RLIN) 12636
245 #0 - TITLE STATEMENT
Title Gamma ray astrophysics
Remainder of title new insight into the universe
Statement of responsibility, etc. Carl E. Fichtel and Jacob I. Trombka
260 ## - PUBLICATION, DISTRIBUTION, ETC.
Place of publication, distribution, etc. Washington
Name of publisher, distributor, etc. National Aeronautics and Space Administration
Date of publication, distribution, etc. 1981
300 ## - PHYSICAL DESCRIPTION
Extent xii, 401p.
490 ## - SERIES STATEMENT
Series statement NASA SP; 453
650 ## - SUBJECT ADDED ENTRY--TOPICAL TERM
Topical term or geographic name entry element Astronomy and astrophysics thesaurus
650 ## - SUBJECT ADDED ENTRY--TOPICAL TERM
Topical term or geographic name entry element Gamma ray astronomy
9 (RLIN) 7465
650 ## - SUBJECT ADDED ENTRY--TOPICAL TERM
Topical term or geographic name entry element Space astronomy
9 (RLIN) 3005
650 ## - SUBJECT ADDED ENTRY--TOPICAL TERM
Topical term or geographic name entry element Universe
9 (RLIN) 1987
700 ## - ADDED ENTRY--PERSONAL NAME
Personal name Trombka, Jacob I
9 (RLIN) 10404
942 ## - ADDED ENTRY ELEMENTS (KOHA)
Koha item type Books
952 ## - LOCATION AND ITEM INFORMATION (KOHA)
-- 13.75
Holdings
Withdrawn status Lost status Damaged status Not for loan Home library Current library Shelving location Date acquired Total Checkouts Full call number Barcode Date last seen Price effective from Koha item type
        IIA Library-Bangalore IIA Library-Bangalore General Stacks 21/06/1983   52-732/ FIC 8181 05/11/2021 21/06/1983 Books

Powered by Koha